<?xml version="1.0" encoding="UTF-8"?>
<record
    xmlns:xsi="http://www.w3.org/2001/XMLSchema-instance"
    xsi:schemaLocation="http://www.loc.gov/MARC21/slim http://www.loc.gov/standards/marcxml/schema/MARC21slim.xsd"
    xmlns="http://www.loc.gov/MARC21/slim">

  <leader>01128nam a22002177a 4500</leader>
  <datafield tag="999" ind1=" " ind2=" ">
    <subfield code="c">21959</subfield>
    <subfield code="d">21959</subfield>
  </datafield>
  <controlfield tag="003">AR-CdUCM</controlfield>
  <controlfield tag="008">190228b           ||||| |||| 00| 0 spa d</controlfield>
  <datafield tag="040" ind1=" " ind2=" ">
    <subfield code="a">MUNICIPALIDAD PROVINCIAL DEL CUSCO</subfield>
    <subfield code="c">BIBLIOTECA MUNICIPAL DEL CUSCO</subfield>
  </datafield>
  <datafield tag="082" ind1=" " ind2=" ">
    <subfield code="a">353.77/M10</subfield>
    <subfield code="b">M10</subfield>
  </datafield>
  <datafield tag="110" ind1=" " ind2=" ">
    <subfield code="a">Municipalidad Provincial del Cusco</subfield>
    <subfield code="9">46994</subfield>
  </datafield>
  <datafield tag="245" ind1=" " ind2=" ">
    <subfield code="a">El centro del Cusco :</subfield>
    <subfield code="b">morada de historia y cultura viva /</subfield>
    <subfield code="c">Municipalidad Provincial del Cusco, Gerencia de Centro Hist&#xF3;rico de Cusco</subfield>
  </datafield>
  <datafield tag="260" ind1=" " ind2=" ">
    <subfield code="a">Cusco :</subfield>
    <subfield code="b">Municipalidad del Cusco, </subfield>
    <subfield code="b">Dann&#xB4;ys Graff,</subfield>
    <subfield code="c">2021.</subfield>
  </datafield>
  <datafield tag="300" ind1=" " ind2=" ">
    <subfield code="a">375 p&#xE1;ginas. :</subfield>
    <subfield code="b">Ilustraciones en color ;</subfield>
    <subfield code="c">30 cm.</subfield>
  </datafield>
  <datafield tag="505" ind1=" " ind2=" ">
    <subfield code="a">Contenido: Recorriendo por la historia del Cusco. -- N&#xFA;cleo del centro hist&#xF3;rico. -- San Crist&#xF3;bal. -- Santo Domngo, San Agust&#xED;n. -- San Blas, Limacpamapa. -- Santa Ana. -- San Pedro. -- Pumacchupan, Avenida Pardo, Tres Cruces. -- Almudena, Santiago, Belen. -- Totorapacha, Mesa redonda, Teteqaqa.</subfield>
  </datafield>
  <datafield tag="650" ind1=" " ind2=" ">
    <subfield code="a">Cusco centro hist&#xF3;rico</subfield>
    <subfield code="9">6890</subfield>
  </datafield>
  <datafield tag="650" ind1=" " ind2=" ">
    <subfield code="a">Monumentos hist&#xF3;ricos</subfield>
    <subfield code="9">6891</subfield>
  </datafield>
  <datafield tag="650" ind1=" " ind2=" ">
    <subfield code="a">Barrios del Cusco</subfield>
    <subfield code="9">46995</subfield>
  </datafield>
  <datafield tag="650" ind1=" " ind2=" ">
    <subfield code="a">Cusco - Per&#xFA;</subfield>
    <subfield code="9">4115</subfield>
  </datafield>
  <datafield tag="942" ind1=" " ind2=" ">
    <subfield code="2">ddc</subfield>
    <subfield code="c">LIBROS</subfield>
  </datafield>
  <datafield tag="945" ind1=" " ind2=" ">
    <subfield code="a">rac</subfield>
  </datafield>
  <datafield tag="952" ind1=" " ind2=" ">
    <subfield code="0">0</subfield>
    <subfield code="2">ddc</subfield>
    <subfield code="4">0</subfield>
    <subfield code="7">0</subfield>
    <subfield code="a">SH</subfield>
    <subfield code="b">SH</subfield>
    <subfield code="c">CART</subfield>
    <subfield code="d">2022-01-20</subfield>
    <subfield code="e">Donaci&#xF3;n</subfield>
    <subfield code="g">10.00</subfield>
    <subfield code="o">353.77/M10</subfield>
    <subfield code="p">SH0000016183</subfield>
    <subfield code="r">2022-01-20</subfield>
    <subfield code="y">LIBROS</subfield>
  </datafield>
  <datafield tag="952" ind1=" " ind2=" ">
    <subfield code="0">0</subfield>
    <subfield code="2">ddc</subfield>
    <subfield code="4">0</subfield>
    <subfield code="7">0</subfield>
    <subfield code="a">SH</subfield>
    <subfield code="b">SH</subfield>
    <subfield code="c">CART</subfield>
    <subfield code="d">2022-01-20</subfield>
    <subfield code="e">Donaci&#xF3;n</subfield>
    <subfield code="g">10.00</subfield>
    <subfield code="o">353.77/M10/e.2</subfield>
    <subfield code="p">SH0000016184</subfield>
    <subfield code="r">2022-01-20</subfield>
    <subfield code="y">LIBROS</subfield>
  </datafield>
</record>
